<?xml version="1.0" encoding="UTF-8"?>
<marc:record xmlns:marc="http://www.loc.gov/MARC21/slim">
   <marc:leader>00000nam a2200000 a 4500</marc:leader>
   <marc:datafield ind1="1" ind2=" " tag="100">
      <marc:subfield code="a">Kormakur, Baltasar [Regie]</marc:subfield>
      <marc:subfield code="4">aut</marc:subfield>
      <marc:subfield code="e">Verfasser/-in</marc:subfield>
   </marc:datafield>
   <marc:datafield ind1="1" ind2=" " tag="100">
      <marc:subfield code="a">Brolin, Josh</marc:subfield>
   </marc:datafield>
   <marc:datafield ind1="1" ind2=" " tag="100">
      <marc:subfield code="a">Clarke, Jason</marc:subfield>
   </marc:datafield>
   <marc:datafield ind1="1" ind2=" " tag="100">
      <marc:subfield code="a">Gyllenhaal, Jake</marc:subfield>
   </marc:datafield>
   <marc:datafield ind1="0" ind2="0" tag="245">
      <marc:subfield code="a">Everest [Bildtonträger]</marc:subfield>
   </marc:datafield>
   <marc:datafield ind1="0" ind2="0" tag="245">
      <marc:subfield code="b">basierend auf wahren Ereignissen</marc:subfield>
   </marc:datafield>
   <marc:datafield ind1="0" ind2="0" tag="245">
      <marc:subfield code="c">Regie von Baltasar Kormákur. Mit Jake Gyllenhaal, Jason Clarke, Josh Brolin ...</marc:subfield>
   </marc:datafield>
   <marc:datafield ind1=" " ind2="1" tag="264">
      <marc:subfield code="b">Universal Pictures</marc:subfield>
      <marc:subfield code="c">2016</marc:subfield>
   </marc:datafield>
   <marc:datafield ind1="1" ind2=" " tag="520">
      <marc:subfield code="a">Der Mount Everest - ein Mythos und gleichzeitig eines der größten Abenteuer dieses Planeten. Für die Teilnehmer zweier Expeditionen ist er die Herausforderung ihres Lebens. Als die beiden Gruppen der erfahrenen Bergsteiger Scott Fischer (Jake Gyllenhaal) und Rob Hall (Jason Clarke) die Gipfelerstürmung in Angriff nehmen, wird diese nach einem überraschenden Wetterumbruch zu einem Kampf ums Überleben. Denn selbst die beste Vorbereitung und das härteste Training sind keine Garantie, wenn plötzlich das Leben nur noch an einem seidenen Faden hängt.</marc:subfield>
   </marc:datafield>
   <marc:datafield ind1=" " ind2=" " tag="020">
      <marc:subfield code="a">5053083060534</marc:subfield>
      <marc:subfield code="9">5053083060534</marc:subfield>
   </marc:datafield>
   <marc:datafield ind1="0" ind2=" " tag="490">
      <marc:subfield code="v">0</marc:subfield>
   </marc:datafield>
   <marc:datafield ind1=" " ind2=" " tag="300">
      <marc:subfield code="a">116' : 1 DVD</marc:subfield>
   </marc:datafield>
</marc:record>
